[Event "30th Klatovy A 2024"]
[Site "Klatovy CZE"]
[Date "2024.06.30"]
[Round "2.2"]
[White "Skypala, Ondrej"]
[Black "Velim, Vojtech"]
[Result "1-0"]
[WhiteElo "2223"]
[BlackElo "1979"]
[PlyCount "67"]
[EventDate "2024.06.29"]
[EventType "swiss"]
[EventRounds "9"]
[EventCountry "CZE"]

1. c4 {[%emt 0:00:54]} c5 {[%emt 0:00:52]} 2. Nf3 {[%emt 0:00:12]} Nc6 {[%emt 0:00:06]} 3. g3 {[%emt 0:00:09]} g6 {[%emt 0:00:05]} 4. Bg2 {[%emt 0:00:06]} Bg7 {[%emt 0:00:04]} 5. O-O {[%emt 0:00:04]} e5 {[%emt 0:00:05]} 6. Nc3 {[%emt 0:01:23]} Nge7 {[%emt 0:00:05]} 7. a3 {[%emt 0:01:18]} a5 {[%emt 0:00:06]} 8. d3 {[%emt 0:02:49]} O-O {[%emt 0:00:41]} 9. Nd5 {[%emt 0:02:02]} d6 {[%emt 0:01:17]} 10. Bg5 {[%emt 0:00:25]} f6 {[%emt 0:00:11]} 11. Bd2 {[%emt 0:00:18]} Be6 {[%emt 0:00:32]} 12. Ne1 {[%emt 0:00:48]} Rb8 {[%emt 0:02:57]} 13. Nxe7+ {[%emt 0:03:47]} Nxe7 {[%emt 0:04:32]} 14. b4 {[%emt 0:00:17]} axb4 {[%emt 0:04:30]} 15. axb4 {[%emt 0:00:07]} b5 {[%emt 0:08:18]} 16. bxc5 {[%emt 0:03:41]} bxc4 {[%emt 0:04:05]} 17. Ba5 {[%emt 0:03:17]} Qd7 {[%emt 0:03:06]} 18. dxc4 {[%emt 0:00:08]} dxc5 {[%emt 0:02:47]} 19. Qxd7 {[%emt 0:00:13]} Bxd7 {[%emt 0:00:05]} 20. Bc7 {[%emt 0:00:12]} Rb4 {[%emt 0:01:31]} 21. Bd6 {[%emt 0:00:25]} Kf7 {[%emt 0:07:07]} 22. Nd3 {[%emt 0:08:04]} Rxc4 {[%emt 0:04:54]} 23. Nxc5 {[%emt 0:00:23]} Rd4 {[%emt 0:07:01]} 24. Nxd7 {[%emt 0:00:18]} Rxd6 {[%emt 0:00:09]} 25. Nxf8 {[%emt 0:00:04]} Bxf8 {[%emt 0:00:08]} 26. Rfd1 {[%emt 0:00:07]} Rxd1+ {[%emt 0:00:48]} 27. Rxd1 {[%emt 0:00:05]} Ke6 {[%emt 0:00:42]} 28. Rd8 {[%emt 0:00:16]} Bg7 {[%emt 0:00:06]} 29. Bb7 {[%emt 0:00:22]} f5 {[%emt 0:01:03]} 30. e4 {[%emt 0:00:06]} Bf6 {[%emt 0:01:23]} 31. Bd5+ {[%emt 0:00:22]} Nxd5 {[%emt 0:00:09]} 32. exd5+ {[%emt 0:00:04]} Ke7 {[%emt 0:00:21]} 33. Ra8 {[%emt 0:00:05]} h5 {[%emt 0:00:42]} 34. Ra7+ {[%emt 0:00:06]} 1-0

[Event "30th Klatovy A 2024"]
[Site "Klatovy CZE"]
[Date "2024.06.30"]
[Round "2.3"]
[White "Pecka, Jan"]
[Black "Kucera, Petr"]
[Result "1/2-1/2"]
[WhiteElo "197"]
[BlackElo "2197"]
[PlyCount "91"]
[EventDate "2024.06.29"]
[EventType "swiss"]
[EventRounds "9"]
[EventCountry "CZE"]

1. e4 {[%emt 0:00:59]} e6 {[%emt 0:00:43]} 2. d4 {[%emt 0:00:36]} d5 {[%emt 0:00:05]} 3. Bd3 {[%emt 0:00:32]} c5 {[%emt 0:02:19]} 4. exd5 {[%emt 0:01:25]} exd5 {[%emt 0:00:18]} 5. Nf3 {[%emt 0:00:31]} Nc6 {[%emt 0:03:09]} 6. O-O {[%emt 0:01:27]} Nf6 {[%emt 0:09:02]} 7. c3 {[%emt 0:15:37]} c4 {[%emt 0:03:43]} 8. Bc2 {[%emt 0:12:13]} Be7 {[%emt 0:04:23]} 9. Ne5 {[%emt 0:14:03]} O-O {[%emt 0:05:50]} 10. Nd2 {[%emt 0:08:31]} Bd6 {[%emt 0:03:54]} 11. Ndf3 {[%emt 0:01:57]} Ne7 {[%emt 0:17:54]} 12. Re1 {[%emt 0:16:00]} Bf5 {[%emt 0:10:11]} 13. Nh4 {[%emt 0:08:55]} Bxc2 {[%emt 0:12:29]} 14. Qxc2 {[%emt 0:02:14]} Re8 {[%emt 0:13:57]} 15. Bg5 {[%emt 0:05:36]} Ne4 {[%emt 0:08:49]} 16. Bxe7 {[%emt 0:01:37]} Qxe7 {[%emt 0:00:56]} 17. Nf5 {[%emt 0:02:32]} Qg5 {[%emt 0:00:29]} 18. Nxd6 {[%emt 0:01:37]} Nxd6 {[%emt 0:00:07]} 19. Nf3 {[%emt 0:03:08]} Qg6 {[%emt 0:07:11]} 20. Qxg6 {[%emt 0:03:29]} hxg6 {[%emt 0:00:05]} 21. Re5 {[%emt 0:00:05]} Rxe5 {[%emt 0:01:21]} 22. dxe5 {[%emt 0:00:51]} Ne4 {[%emt 0:05:06]} 23. Rd1 {[%emt 0:00:44]} Rd8 {[%emt 0:00:08]} 24. Nd2 {[%emt 0:02:47]} Nxd2 {[%emt 0:00:05]} 25. Rxd2 {[%emt 0:00:04]} Kf8 {[%emt 0:00:13]} 26. f4 {[%emt 0:00:22]} Ke7 {[%emt 0:00:05]} 27. Kf2 {[%emt 0:00:08]} Ke6 {[%emt 0:00:29]} 28. Ke3 {[%emt 0:01:52]} f6 {[%emt 0:14:30]} 29. exf6 {[%emt 0:01:34]} gxf6 {[%emt 0:00:02]} 30. Kd4 {[%emt 0:03:07]} Kf5 {[%emt 0:02:42]} 31. Rf2 {[%emt 0:02:22]} Kg4 {[%emt 0:03:41]} 32. Rf3 {[%emt 0:00:29]} Kf5 {[%emt 0:00:19]} 33. h3 {[%emt 0:00:59]} Ke6 {[%emt 0:00:27]} 34. g4 {[%emt 0:00:54]} Rh8 {[%emt 0:00:27]} 35. b3 {[%emt 0:03:07]} cxb3 {[%emt 0:00:44]} 36. axb3 {[%emt 0:00:02]} Kd6 {[%emt 0:00:53]} 37. f5 {[%emt 0:01:30]} gxf5 {[%emt 0:00:54]} 38. Rxf5 {[%emt 0:00:13]} Rxh3 {[%emt 0:00:25]} 39. Rxf6+ {[%emt 0:00:10]} Ke7 {[%emt 0:00:30]} 40. Rg6 {[%emt 0:00:14]} Kf7 {[%emt 0:00:42]} 41. Rd6 {[%emt 0:02:41]} Rg3 {[%emt 0:00:44]} 42. Rd7+ {[%emt 0:01:29]} Ke6 {[%emt 0:00:04]} 43. Rxb7 {[%emt 0:01:09]} Rxg4+ {[%emt 0:00:04]} 44. Kc5 {[%emt 0:00:10]} Rg3 {[%emt 0:01:02]} 45. Kb4 {[%emt 0:00:19]} a5+ {[%emt 0:00:40]} 46. Kxa5 {[%emt 0:00:18]} 1/2-1/2

[Event "30th Klatovy A 2024"]
[Site "Klatovy CZE"]
[Date "2024.06.30"]
[Round "2.4"]
[White "Formanek, Martin"]
[Black "Stein, Michael 2009"]
[Result "1-0"]
[WhiteElo "2197"]
[BlackElo "1965"]
[PlyCount "117"]
[EventDate "2024.06.29"]
[EventType "swiss"]
[EventRounds "9"]
[EventCountry "CZE"]

1. Nf3 {[%emt 0:01:36]} d5 {[%emt 0:00:07]} 2. g3 {[%emt 0:00:43]} Nf6 {[%emt 0:00:06]} 3. Bg2 {[%emt 0:00:49]} e6 {[%emt 0:00:09]} 4. O-O {[%emt 0:01:28]} b5 {[%emt 0:00:16]} 5. d3 {[%emt 0:03:02]} c5 {[%emt 0:00:46]} 6. a4 {[%emt 0:03:25]} b4 {[%emt 0:02:34]} 7. e4 {[%emt 0:06:14]} Nc6 {[%emt 0:02:20]} 8. exd5 {[%emt 0:06:24]} exd5 {[%emt 0:03:47]} 9. d4 {[%emt 0:00:17]} c4 {[%emt 0:04:06]} 10. Ne5 {[%emt 0:01:39]} Na5 {[%emt 0:03:58]} 11. Bg5 {[%emt 0:06:54]} Be7 {[%emt 0:03:49]} 12. Qf3 {[%emt 0:01:49]} Be6 {[%emt 0:04:47]} 13. Nd2 {[%emt 0:08:58]} Rc8 {[%emt 0:04:42]} 14. c3 {[%emt 0:00:37]} b3 {[%emt 0:04:37]} 15. Rfe1 {[%emt 0:03:54]} O-O {[%emt 0:02:34]} 16. Bxf6 {[%emt 0:06:28]} Bxf6 {[%emt 0:00:37]} 17. Ng4 {[%emt 0:01:05]} Bg5 {[%emt 0:07:09]} 18. Nf1 {[%emt 0:00:20]} Qd7 {[%emt 0:04:57]} 19. Ne5 {[%emt 0:02:56]} Qb7 {[%emt 0:08:44]} 20. Qh5 {[%emt 0:05:31]} Bf6 {[%emt 0:05:16]} 21. f4 {[%emt 0:11:43]} g6 {[%emt 0:04:38]} 22. Qf3 {[%emt 0:00:03]} Nc6 {[%emt 0:04:11]} 23. Nxc6 {[%emt 0:04:34]} Qxc6 {[%emt 0:01:21]} 24. Ne3 {[%emt 0:00:26]} Rcd8 {[%emt 0:06:09]} 25. g4 {[%emt 0:01:17]} Bh4 {[%emt 0:04:18]} 26. Re2 {[%emt 0:05:31]} f6 {[%emt 0:01:49]} 27. Nxc4 {[%emt 0:03:54]} Bxg4 {[%emt 0:03:32]} 28. Qxg4 {[%emt 0:00:13]} Qxc4 {[%emt 0:00:06]} 29. Re7 {[%emt 0:00:15]} g5 {[%emt 0:01:56]} 30. Qh5 {[%emt 0:00:06]} Qd3 {[%emt 0:00:21]} 31. Be4 {[%emt 0:03:39]} Qe3+ {[%emt 0:02:46]} 32. Kg2 {[%emt 0:00:47]} Qxe4+ {[%emt 0:01:10]} 33. Rxe4 {[%emt 0:00:11]} dxe4 {[%emt 0:00:04]} 34. Rf1 {[%emt 0:03:04]} e3 {[%emt 0:01:47]} 35. Kf3 {[%emt 0:01:05]} Bf2 {[%emt 0:05:07]} 36. Ke2 {[%emt 0:00:28]} gxf4 {[%emt 0:00:40]} 37. Qf5 {[%emt 0:00:53]} Rde8 {[%emt 0:01:10]} 38. Qxf4 {[%emt 0:00:59]} f5 {[%emt 0:00:17]} 39. Qf3 {[%emt 0:01:44]} f4 {[%emt 0:01:26]} 40. Rd1 {[%emt 0:00:29]} Re6 {[%emt 0:02:47]} 41. d5 {[%emt 0:03:48]} Rh6 {[%emt 0:01:38]} 42. Rh1 {[%emt 0:00:31]} Ra6 {[%emt 0:00:49]} 43. c4 {[%emt 0:04:34]} Rxa4 {[%emt 0:02:45]} 44. Kd3 {[%emt 0:04:48]} Ra2 {[%emt 0:02:09]} 45. Kc3 {[%emt 0:00:16]} Ra6 {[%emt 0:01:54]} 46. Kxb3 {[%emt 0:01:49]} Rb6+ {[%emt 0:01:04]} 47. Kc3 {[%emt 0:00:31]} Kh8 {[%emt 0:00:33]} 48. b4 {[%emt 0:00:40]} Bh4 {[%emt 0:01:55]} 49. c5 {[%emt 0:00:27]} Rb5 {[%emt 0:01:02]} 50. Qg4 {[%emt 0:01:57]} Bf6+ {[%emt 0:00:55]} 51. Kc4 {[%emt 0:00:40]} Rfb8 {[%emt 0:00:40]} 52. Rb1 {[%emt 0:00:07]} a5 {[%emt 0:00:22]} 53. d6 {[%emt 0:00:08]} Rxb4+ {[%emt 0:02:08]} 54. Rxb4 {[%emt 0:00:07]} Rxb4+ {[%emt 0:00:13]} 55. Kd5 {[%emt 0:00:04]} h6 {[%emt 0:04:29]} 56. c6 {[%emt 0:01:21]} Rb5+ {[%emt 0:04:50]} 57. Ke6 {[%emt 0:00:44]} Bg7 {[%emt 0:02:01]} 58. Kf7 {[%emt 0:00:19]} Rg5 {[%emt 0:00:22]} 59. Qxg5 {[%emt 0:01:01]} 1-0

[Event "30th Klatovy A 2024"]
[Site "Klatovy CZE"]
[Date "2024.06.30"]
[Round "2.5"]
[White "Richter, Martin 1969"]
[Black "Jordanov, Mihail"]
[Result "0-1"]
[WhiteElo "1921"]
[BlackElo "2177"]
[PlyCount "108"]
[EventDate "2024.06.29"]
[EventType "swiss"]
[EventRounds "9"]
[EventCountry "CZE"]

1. e4 {[%emt 0:00:06]} e5 {[%emt 0:00:17]} 2. Nf3 {[%emt 0:00:16]} Nc6 {[%emt 0:00:21]} 3. Nc3 {[%emt 0:00:13]} Nf6 {[%emt 0:00:41]} 4. d4 {[%emt 0:00:35]} exd4 {[%emt 0:00:46]} 5. Nxd4 {[%emt 0:00:15]} Bb4 {[%emt 0:00:21]} 6. Nxc6 {[%emt 0:00:47]} bxc6 {[%emt 0:00:12]} 7. Bd3 {[%emt 0:00:44]} d5 {[%emt 0:00:45]} 8. exd5 {[%emt 0:00:23]} cxd5 {[%emt 0:00:22]} 9. O-O {[%emt 0:00:19]} O-O {[%emt 0:00:49]} 10. Bg5 {[%emt 0:00:25]} c6 {[%emt 0:01:54]} 11. Na4 {[%emt 0:00:42]} Bd6 {[%emt 0:09:26]} 12. h3 {[%emt 0:03:33]} Rb8 {[%emt 0:06:12]} 13. c4 {[%emt 0:01:18]} Bc7 {[%emt 0:03:19]} 14. c5 {[%emt 0:05:01]} Be5 {[%emt 0:03:40]} 15. Re1 {[%emt 0:05:22]} Qc7 {[%emt 0:07:58]} 16. f4 {[%emt 0:12:26]} Bd4+ {[%emt 0:05:36]} 17. Kh1 {[%emt 0:00:39]} h6 {[%emt 0:00:27]} 18. Bxf6 {[%emt 0:04:12]} Bxf6 {[%emt 0:00:16]} 19. Qd2 {[%emt 0:00:31]} Bd7 {[%emt 0:02:30]} 20. Rab1 {[%emt 0:05:32]} Rfe8 {[%emt 0:05:47]} 21. Nc3 {[%emt 0:17:49]} Rxe1+ {[%emt 0:08:06]} 22. Rxe1 {[%emt 0:03:05]} Qa5 {[%emt 0:00:23]} 23. Rc1 {[%emt 0:13:37]} Qxc5 {[%emt 0:07:54]} 24. Ne4 {[%emt 0:00:29]} Qd4 {[%emt 0:01:14]} 25. Nxf6+ {[%emt 0:00:16]} Qxf6 {[%emt 0:00:05]} 26. b3 {[%emt 0:00:15]} g6 {[%emt 0:02:07]} 27. Qa5 {[%emt 0:03:53]} Qxf4 {[%emt 0:03:06]} 28. Rf1 {[%emt 0:00:32]} Qg3 {[%emt 0:05:03]} 29. Rf3 {[%emt 0:01:26]} Qd6 {[%emt 0:01:13]} 30. Qxa7 {[%emt 0:00:30]} Re8 {[%emt 0:00:56]} 31. Qf2 {[%emt 0:00:54]} Qe7 {[%emt 0:06:22]} 32. a4 {[%emt 0:02:34]} c5 {[%emt 0:13:02]} 33. Qc2 {[%emt 0:04:00]} Qd6 {[%emt 0:04:09]} 34. Qf2 {[%emt 0:01:24]} Be6 {[%emt 0:02:56]} 35. Qh4 {[%emt 0:06:59]} c4 {[%emt 0:04:22]} 36. bxc4 {[%emt 0:02:45]} dxc4 {[%emt 0:00:04]} 37. Bxc4 {[%emt 0:03:44]} Qb4 {[%emt 0:02:07]} 38. Bxe6 {[%emt 0:01:32]} Qxh4 {[%emt 0:00:11]} 39. Bxf7+ {[%emt 0:00:09]} Kg7 {[%emt 0:00:08]} 40. Bxe8 {[%emt 0:00:35]} Qe1+ {[%emt 0:00:08]} 41. Kh2 {[%emt 0:00:15]} Qxe8 {[%emt 0:00:17]} 42. Ra3 {[%emt 0:01:07]} Qe5+ {[%emt 0:01:40]} 43. Kh1 {[%emt 0:00:14]} Qb2 {[%emt 0:00:11]} 44. Rf3 {[%emt 0:00:11]} Qa1+ {[%emt 0:00:06]} 45. Kh2 {[%emt 0:00:09]} Qxa4 {[%emt 0:00:04]} 46. Kg1 {[%emt 0:00:52]} Qc2 {[%emt 0:01:32]} 47. Kh2 {[%emt 0:00:06]} Qe4 {[%emt 0:00:09]} 48. Kg1 {[%emt 0:00:12]} g5 {[%emt 0:00:45]} 49. Kh2 {[%emt 0:00:15]} h5 {[%emt 0:00:18]} 50. Kg1 {[%emt 0:00:56]} g4 {[%emt 0:02:12]} 51. Rf1 {[%emt 0:00:07]} Qe3+ {[%emt 0:04:49]} 52. Kh2 {[%emt 0:00:25]} Qe5+ {[%emt 0:00:31]} 53. Kh1 {[%emt 0:00:57]} Kh6 {[%emt 0:00:59]} 54. Rg1 {[%emt 0:00:19]} Qg3 {[%emt 0:01:05]} 0-1

[Event "30th Klatovy A 2024"]
[Site "Klatovy CZE"]
[Date "2024.06.30"]
[Round "2.6"]
[White "Routner, Jakub"]
[Black "Strnad, Jakub"]
[Result "1/2-1/2"]
[WhiteElo "2139"]
[BlackElo "1942"]
[PlyCount "37"]
[EventDate "2024.06.29"]
[EventType "swiss"]
[EventRounds "9"]
[EventCountry "CZE"]

1. e4 {[%emt 0:00:02]} e5 {[%emt 0:02:09]} 2. Nf3 {[%emt 0:02:04]} Nc6 {[%emt 0:00:11]} 3. Bb5 {[%emt 0:00:07]} a6 {[%emt 0:00:11]} 4. Ba4 {[%emt 0:00:10]} Nf6 {[%emt 0:00:17]} 5. O-O {[%emt 0:00:17]} b5 {[%emt 0:00:24]} 6. Bb3 {[%emt 0:00:10]} Be7 {[%emt 0:00:15]} 7. Re1 {[%emt 0:00:16]} O-O {[%emt 0:00:30]} 8. c3 {[%emt 0:00:51]} d6 {[%emt 0:00:31]} 9. h3 {[%emt 0:00:19]} Nb8 {[%emt 0:00:46]} 10. d4 {[%emt 0:00:47]} Nbd7 {[%emt 0:00:16]} 11. Nbd2 {[%emt 0:00:42]} Bb7 {[%emt 0:00:42]} 12. Bc2 {[%emt 0:00:29]} c5 {[%emt 0:00:25]} 13. Nf1 {[%emt 0:00:44]} Re8 {[%emt 0:00:54]} 14. Ng3 {[%emt 0:01:26]} Bf8 {[%emt 0:01:09]} 15. d5 {[%emt 0:00:21]} c4 {[%emt 0:03:11]} 16. Nf5 {[%emt 0:05:32]} Nc5 {[%emt 0:01:12]} 17. Nh2 {[%emt 0:02:52]} a5 {[%emt 0:02:14]} 18. Qf3 {[%emt 0:03:25]} Bc8 {[%emt 0:04:47]} 19. Be3 {[%emt 0:10:41]} 1/2-1/2

[Event "30th Klatovy A 2024"]
[Site "Klatovy CZE"]
[Date "2024.06.30"]
[Round "2.7"]
[White "Pasek, Josef"]
[Black "Soural, Jan"]
[Result "1/2-1/2"]
[WhiteElo "1891"]
[BlackElo "2098"]
[PlyCount "29"]
[EventDate "2024.06.29"]
[EventType "swiss"]
[EventRounds "9"]
[EventCountry "CZE"]

1. d4 {[%emt 0:00:02]} Nf6 {[%emt 0:00:05]} 2. Nf3 {[%emt 0:00:40]} e6 {[%emt 0:00:06]} 3. g3 {[%emt 0:00:07]} b5 {[%emt 0:00:33]} 4. Bg2 {[%emt 0:00:50]} Bb7 {[%emt 0:00:05]} 5. O-O {[%emt 0:01:05]} Be7 {[%emt 0:01:09]} 6. b3 {[%emt 0:06:30]} O-O {[%emt 0:09:57]} 7. c4 {[%emt 0:04:52]} a6 {[%emt 0:01:26]} 8. Bb2 {[%emt 0:01:35]} d6 {[%emt 0:01:17]} 9. cxb5 {[%emt 0:05:09]} axb5 {[%emt 0:00:23]} 10. Qd3 {[%emt 0:00:16]} Nbd7 {[%emt 0:04:37]} 11. Qxb5 {[%emt 0:08:20]} Ba6 {[%emt 0:03:26]} 12. Qc6 {[%emt 0:02:13]} Bxe2 {[%emt 0:00:45]} 13. Rc1 {[%emt 0:00:06]} Nd5 {[%emt 0:10:11]} 14. Qc2 {[%emt 0:04:35]} Ba6 {[%emt 0:17:31]} 15. Ne1 {[%emt 0:06:50]} 1/2-1/2

[Event "30th Klatovy A 2024"]
[Site "Klatovy CZE"]
[Date "2024.06.30"]
[Round "2.8"]
[White "Pycha, Patrik"]
[Black "Honcharov, Makar"]
[Result "1/2-1/2"]
[WhiteElo "2089"]
[BlackElo "1824"]
[PlyCount "87"]
[EventDate "2024.06.29"]
[EventType "swiss"]
[EventRounds "9"]
[EventCountry "CZE"]

1. e4 {[%emt 0:00:02]} c5 {[%emt 0:00:07]} 2. c3 {[%emt 0:00:06]} Nf6 {[%emt 0:00:06]} 3. e5 {[%emt 0:00:16]} Nd5 {[%emt 0:00:02]} 4. d4 {[%emt 0:00:18]} cxd4 {[%emt 0:00:15]} 5. cxd4 {[%emt 0:00:44]} e6 {[%emt 0:00:16]} 6. Bc4 {[%emt 0:00:52]} Nc7 {[%emt 0:07:21]} 7. Qg4 {[%emt 0:05:26]} Nc6 {[%emt 0:03:38]} 8. Nf3 {[%emt 0:01:12]} f5 {[%emt 0:04:21]} 9. exf6 {[%emt 0:05:40]} Qxf6 {[%emt 0:00:24]} 10. Bg5 {[%emt 0:03:22]} Qg6 {[%emt 0:03:26]} 11. Nh4 {[%emt 0:08:31]} Qf7 {[%emt 0:05:56]} 12. O-O {[%emt 0:10:38]} d5 {[%emt 0:02:30]} 13. Bb3 {[%emt 0:06:10]} Bd6 {[%emt 0:00:39]} 14. Nc3 {[%emt 0:05:50]} O-O {[%emt 0:01:41]} 15. Qd1 {[%emt 0:03:56]} h6 {[%emt 0:02:16]} 16. Be3 {[%emt 0:02:14]} g5 {[%emt 0:09:37]} 17. Nf3 {[%emt 0:01:44]} Ne8 {[%emt 0:16:52]} 18. h4 {[%emt 0:10:58]} Qh5 {[%emt 0:02:49]} 19. Ne5 {[%emt 0:02:45]} Qxh4 {[%emt 0:01:20]} 20. g3 {[%emt 0:16:47]} Qh3 {[%emt 0:01:33]} 21. Qg4 {[%emt 0:05:20]} Qxg4 {[%emt 0:02:52]} 22. Nxg4 {[%emt 0:00:07]} Kg7 {[%emt 0:01:36]} 23. f4 {[%emt 0:05:48]} gxf4 {[%emt 0:01:46]} 24. gxf4 {[%emt 0:01:32]} Nf6 {[%emt 0:02:28]} 25. Ne5 {[%emt 0:00:50]} Bxe5 {[%emt 0:03:16]} 26. fxe5 {[%emt 0:00:21]} Ng4 {[%emt 0:00:25]} 27. Rxf8 {[%emt 0:03:58]} Kxf8 {[%emt 0:00:02]} 28. Rf1+ {[%emt 0:01:47]} Kg7 {[%emt 0:00:38]} 29. Bf4 {[%emt 0:05:51]} Nxd4 {[%emt 0:01:33]} 30. Bd1 {[%emt 0:00:05]} h5 {[%emt 0:00:31]} 31. Kg2 {[%emt 0:03:28]} Nf5 {[%emt 0:00:31]} 32. Kh3 {[%emt 0:00:35]} Bd7 {[%emt 0:03:14]} 33. Bxg4 {[%emt 0:01:24]} hxg4+ {[%emt 0:00:10]} 34. Kxg4 {[%emt 0:00:10]} Rh8 {[%emt 0:00:22]} 35. Bg5 {[%emt 0:01:26]} Kg6 {[%emt 0:00:55]} 36. Rf2 {[%emt 0:01:23]} Bc6 {[%emt 0:00:50]} 37. Ne2 {[%emt 0:00:49]} Rh1 {[%emt 0:01:18]} 38. Nf4+ {[%emt 0:01:03]} Kf7 {[%emt 0:00:15]} 39. Nh3 {[%emt 0:05:15]} Re1 {[%emt 0:01:45]} 40. Bf6 {[%emt 0:00:53]} Re4+ {[%emt 0:02:07]} 41. Rf4 {[%emt 0:04:33]} Rxf4+ {[%emt 0:01:16]} 42. Kxf4 {[%emt 0:00:16]} Bd7 {[%emt 0:00:41]} 43. Ng5+ {[%emt 0:00:23]} Kg6 {[%emt 0:00:10]} 44. a3 {[%emt 0:02:38]} 1/2-1/2

[Event "30th Klatovy A 2024"]
[Site "Klatovy CZE"]
[Date "2024.06.30"]
[Round "2.9"]
[White "Palek, Miroslav"]
[Black "Kala, Jakub"]
[Result "1-0"]
[WhiteElo "2056"]
[BlackElo "1787"]
[PlyCount "105"]
[EventDate "2024.06.29"]
[EventType "swiss"]
[EventRounds "9"]
[EventCountry "CZE"]

1. e4 {[%emt 0:00:11]} c6 {[%emt 0:00:07]} 2. Nc3 {[%emt 0:00:46]} d5 3. d4 {[%emt 0:00:11]} dxe4 {[%emt 0:00:33]} 4. Nxe4 Bf5 {[%emt 0:00:24]} 5. Ng3 Bg6 6. Nf3 Nf6 7. h4 Nh5 8. Nxh5 Bxh5 {[%emt 0:17:19]} 9. Bc4 e6 10. c3 {[%emt 0:13:28]} Nd7 {[%emt 0:10:39]} 11. Bf4 {[%emt 0:02:42]} Nb6 {[%emt 0:03:27]} 12. Be2 {[%emt 0:02:29]} Nd5 {[%emt 0:05:52]} 13. Bg3 {[%emt 0:00:34]} Bxf3 {[%emt 0:04:03]} 14. Bxf3 {[%emt 0:00:17]} Bd6 {[%emt 0:01:34]} 15. Bxd6 {[%emt 0:02:46]} Qxd6 {[%emt 0:00:34]} 16. g3 {[%emt 0:03:16]} O-O {[%emt 0:05:56]} 17. Qe2 {[%emt 0:06:55]} Rac8 {[%emt 0:07:08]} 18. O-O-O {[%emt 0:01:51]} c5 {[%emt 0:04:43]} 19. dxc5 {[%emt 0:13:27]} Rxc5 {[%emt 0:01:17]} 20. Bxd5 {[%emt 0:01:01]} Rxd5 {[%emt 0:01:24]} 21. Rd2 {[%emt 0:07:45]} Rxd2 {[%emt 0:08:21]} 22. Qxd2 {[%emt 0:01:35]} Qxd2+ {[%emt 0:00:34]} 23. Kxd2 {[%emt 0:00:13]} Rd8+ {[%emt 0:00:09]} 24. Ke3 {[%emt 0:00:32]} Kf8 {[%emt 0:02:45]} 25. c4 {[%emt 0:00:21]} e5 {[%emt 0:04:16]} 26. Rc1 {[%emt 0:01:28]} Ke7 {[%emt 0:18:02]} 27. c5 f5 {[%emt 0:02:23]} 28. f3 {[%emt 0:00:34]} a6 {[%emt 0:10:12]} 29. Rc3 {[%emt 0:02:47]} Ke6 {[%emt 0:05:14]} 30. b4 {[%emt 0:07:11]} Rd4 {[%emt 0:03:25]} 31. c6 {[%emt 0:00:50]} bxc6 {[%emt 0:00:54]} 32. Rxc6+ {[%emt 0:00:09]} Rd6 {[%emt 0:00:43]} 33. Rxd6+ {[%emt 0:09:15]} Kxd6 {[%emt 0:00:10]} 34. Kd3 {[%emt 0:00:20]} Kd5 {[%emt 0:02:05]} 35. a4 {[%emt 0:01:47]} g6 {[%emt 0:13:55]} 36. g4 {[%emt 0:02:53]} h6 {[%emt 0:06:15]} 37. h5 {[%emt 0:04:30]} e4+ {[%emt 0:05:17]} 38. Ke3 {[%emt 0:02:42]} f4+ {[%emt 0:02:33]} 39. Kxf4 {[%emt 0:01:42]} exf3 {[%emt 0:00:08]} 40. Kxf3 {[%emt 0:00:17]} gxh5 {[%emt 0:00:32]} 41. gxh5 {[%emt 0:00:11]} Kc4 {[%emt 0:00:59]} 42. Ke4 {[%emt 0:03:25]} Kxb4 {[%emt 0:00:14]} 43. Kf5 {[%emt 0:00:18]} Kxa4 {[%emt 0:00:08]} 44. Kg6 {[%emt 0:00:07]} Kb3 {[%emt 0:00:06]} 45. Kxh6 {[%emt 0:00:08]} a5 {[%emt 0:00:04]} 46. Kg5 {[%emt 0:00:35]} a4 {[%emt 0:00:08]} 47. h6 {[%emt 0:00:13]} a3 {[%emt 0:00:04]} 48. h7 {[%emt 0:00:06]} Kb2 {[%emt 0:00:48]} 49. h8=Q+ {[%emt 0:00:09]} Kb1 {[%emt 0:00:05]} 50. Qb8+ {[%emt 0:01:15]} Ka1 {[%emt 0:00:15]} 51. Qe5+ {[%emt 0:00:09]} Kb1 {[%emt 0:01:08]} 52. Qe1+ {[%emt 0:00:10]} Kb2 {[%emt 0:02:00]} 53. Qb4+ {[%emt 0:00:24]} 1-0

[Event "30th Klatovy A 2024"]
[Site "Klatovy CZE"]
[Date "2024.06.30"]
[Round "2.10"]
[White "Janous, Marek"]
[Black "Kroulik, Vaclav"]
[Result "1/2-1/2"]
[WhiteElo "2129"]
[BlackElo "1976"]
[PlyCount "70"]
[EventDate "2024.06.29"]
[EventType "swiss"]
[EventRounds "9"]
[EventCountry "CZE"]

1. e4 {[%emt 0:00:39]} c5 {[%emt 0:00:48]} 2. c3 {[%emt 0:01:08]} d5 {[%emt 0:01:19]} 3. exd5 {[%emt 0:00:07]} Qxd5 {[%emt 0:00:08]} 4. d4 {[%emt 0:00:07]} Nf6 {[%emt 0:01:00]} 5. Nf3 {[%emt 0:00:06]} Bg4 {[%emt 0:00:38]} 6. Be2 {[%emt 0:00:19]} e6 {[%emt 0:00:40]} 7. O-O {[%emt 0:00:14]} Nc6 {[%emt 0:00:41]} 8. Be3 {[%emt 0:00:08]} cxd4 {[%emt 0:01:05]} 9. cxd4 {[%emt 0:00:23]} Be7 {[%emt 0:01:41]} 10. Nc3 {[%emt 0:00:56]} Qd7 {[%emt 0:07:30]} 11. Qb3 {[%emt 0:21:12]} Bxf3 {[%emt 0:15:51]} 12. Bxf3 {[%emt 0:00:20]} Nb4 {[%emt 0:01:00]} 13. Bg5 {[%emt 0:40:40]} Nc6 {[%emt 0:36:38]} 14. Rad1 {[%emt 0:37:38]} O-O {[%emt 0:18:42]} 15. d5 {[%emt 0:11:21]} exd5 {[%emt 0:01:11]} 16. Bxd5 {[%emt 0:08:43]} Qc7 {[%emt 0:05:11]} 17. Bf3 {[%emt 0:01:53]} Rad8 {[%emt 0:03:01]} 18. Bxf6 {[%emt 0:01:06]} Bxf6 {[%emt 0:00:26]} 19. Nd5 {[%emt 0:00:05]} Qe5 {[%emt 0:01:56]} 20. Qxb7 {[%emt 0:01:17]} Nd4 {[%emt 0:00:33]} 21. Nxf6+ {[%emt 0:00:05]} Qxf6 {[%emt 0:00:12]} 22. b3 {[%emt 0:00:38]} Rfe8 {[%emt 0:08:49]} 23. Rfe1 {[%emt 0:00:44]} Rxe1+ {[%emt 0:03:04]} 24. Rxe1 {[%emt 0:00:05]} h6 {[%emt 0:11:12]} 25. Qe4 {[%emt 0:01:34]} Qa6 {[%emt 0:02:43]} 26. Qe7 {[%emt 0:01:01]} Nxf3+ {[%emt 0:00:37]} 27. gxf3 {[%emt 0:00:04]} Qg6+ {[%emt 0:00:37]} 28. Kh1 {[%emt 0:00:49]} Qd3 {[%emt 0:00:03]} 29. Qe3 {[%emt 0:00:50]} Qxe3 {[%emt 0:01:16]} 30. Rxe3 {[%emt 0:00:04]} Rd2 {[%emt 0:00:14]} 31. Kg2 {[%emt 0:01:07]} Rxa2 {[%emt 0:00:08]} 32. Re8+ {[%emt 0:00:03]} Kh7 {[%emt 0:00:08]} 33. Re7 {[%emt 0:00:05]} Kg6 {[%emt 0:00:18]} 34. Rb7 {[%emt 0:00:04]} Kf6 {[%emt 0:00:41]} 35. h4 {[%emt 0:00:45]} g6 {[%emt 0:01:59]} 1/2-1/2